| 000 | 00366 a2200157 4500 | ||
|---|---|---|---|
| 003 | OSt | ||
| 005 | 20180116182721.0 | ||
| 008 | 160429b xxu||||| |||| 00| 0 eng d | ||
| 020 | _a8129700123 | ||
| 040 | _c0 | ||
| 100 | _aGary Armstrong | ||
| 245 | _aMarketing an introduction. | ||
| 250 | _a6th | ||
| 260 |
_aNew Delhi _c2005 |
||
| 942 |
_aNBS _cBK _k658.8 ARM _2ddc |
||
| 999 |
_c344694 _d344694 |
||